Erythrocyte antioxidant enzymes in patients with alcohol dependence syndrome

Bibliographic Details
Main Authors: Bogdanska, J. (Author), Todorova, B. (Author), Labudovic, D. (Author), Korneti, P.G (Author)
Format: Article
Language:Slovak
English
PhysicalDescription:Obr., tab.
ISSN:0006-9248
Subjects:

MARC

LEADER 00000nab a2200000 a 4500
001 vtls008415832
003 SK-MaSNL
005 20260304144920.0
008 250505c2005 xo 0 slo
015 |a SNBCL2005/5 
035 |a SLK033628 
035 |a urn:nbn:sk:snk-abw20 
035 |a (urnnbn)urn:nbn:sk:snk:ar-a03iht 
035 |a (uuid)802ab17a-480b-4cc9-9152-b9b866d23bea 
040 |a SNKBUCL  |b slo  |c SNKBUCL  |e AACR2 
041 0 |a eng  |b eng 
044 |a xo  |c SK 
080 |a 613.81:577.15  |2 1981 
245 0 0 |a Erythrocyte antioxidant enzymes in patients with alcohol dependence syndrome  |c J. Bogdanska ... [et al.] 
300 |b Obr., tab. 
504 |a Res. angl. 
504 |a Bibliogr. odkazy 
650 0 7 |a antioxidanty  |2 MESH  |9 13472 
650 0 7 |a alkoholizmus  |2 MESH  |9 14184 
650 0 7 |a glutatiónperoxidáza  |x analýza  |2 MESH  |9 1074837 
650 0 7 |a superoxiddismutáza  |x analýza  |2 MESH  |9 1461713 
650 0 7 |a kataláza  |x analýza  |2 MESH  |9 1466905 
700 1 |a Bogdanska, J.  |4 aut  |9 1466906 
700 1 |a Todorova, B.  |4 aut  |9 1140533 
700 1 |a Labudovic, D.  |4 aut  |9 1140534 
700 1 |a Korneti, P.G.  |4 aut  |9 1466907 
773 0 |t Bratislavské lekárske listy  |g Vol. 106, no. 3 (2005), p. 107-113  |x 0006-9248 
850 |a Slovenská národná knižnica 
852 |a Slovenská národná knižnica 
958 |a article27 
958 |a OND 
958 |a EUIPO 
999 |c 2933876  |d 2935806